| 000 | 00399nam a2200169Ia 4500 | ||
|---|---|---|---|
| 008 | 230524s9999 xx 000 0 und d | ||
| 020 | _a9789380027708 | ||
| 082 |
_a6.6 _bAGA |
||
| 100 |
_aUdit Agarwal _941946 |
||
| 245 | 0 | _aComputer Graphics | |
| 250 | _a1 | ||
| 260 |
_aNew Delhi _bKatson _c2011 |
||
| 300 | _a442 | ||
| 500 | _aQuantity Number: 1 | ||
| 650 | _aComputer Science | ||
| 942 | _cBK | ||
| 999 |
_c56365 _d56365 |
||